000 00617nam a2200253Ia 4500
003 OSt
005 20220912145536.0
006 a|||||r|||| 00| 0
007 ta
008 220909b |||||||| |||| 00| 0 eng d
024 _a70073
037 _cTextual
040 _aCSL
_beng
_cCSL
041 _aeng
082 _aB3, K62
100 _aSmith Alton H
245 0 _aFundamental concepts of analysis
260 _c1966
300 _ap.
_ccm.
650 _aAnalysis
700 _a Albrecht Walter A
942 _hB3, K62
_cTEXL
_2CC
999 _c34154
_d34154